| 000 | 00645nam a2200241 a 4500 | ||
|---|---|---|---|
| 001 | nice12345678 | ||
| 003 | IN_TiNIC | ||
| 005 | 20260116011530.0 | ||
| 008 | 050524s1963 bira grp 000 0 eng | ||
| 020 |
_a _c100 |
||
| 082 | 0 | 0 |
_a017.2 _bGOT |
| 100 | _aGottschalk, H L Et Al | ||
| 245 |
_aCatalogue of the Mingana Collection of Manuscripts _b Islamic Arabic Manus.V. |
||
| 260 |
_aBirmingham _bSelly Oak College _c1963 |
||
| 300 | _a415p | ||
| 500 | _aincludes index and biblioraphy | ||
| 505 | 2 | _aIndexes | |
| 650 | _aManuscripts-Catalogue | ||
| 700 | 1 | _aGottschalk, H L Et Al | |
| 902 | _bSRS | ||
| 942 | _cBK | ||
| 999 |
_c2385 _d2385 |
||